[Event "Sant Adria de Besos op 11th"]
[Site "Sant Adria de Besos"]
[Date "2015.04.19"]
[Round "2.10"]
[White "Minhaz, Rashed"]
[Black "Gasol Colomera, Francesc"]
[Result "1-0"]
[WhiteElo "2059"]
[BlackElo "1943"]
[PlyCount "81"]
[EventDate "2015.04.12"]
[EventType "swiss"]
[EventRounds "9"]
[EventCountry "ESP"]
[SourceTitle "EXT 2024"]
[Source "ChessBase"]
[SourceDate "2023.10.10"]
[SourceVersion "1"]
[SourceVersionDate "2023.10.10"]
[SourceQuality "1"]

1. d4 Nf6 2. c4 e5 3. dxe5 Ng4 4. Bf4 Nc6 5. Nf3 Bb4+ 6. Nbd2 Qe7 7. a3 Ngxe5 8. Bxe5 Nxe5 9. Nxe5 Bxd2+ 10. Qxd2 Qxe5 11. e3 d6 12. Qd4 Bd7 13. Be2 Bc6 14. Qxe5+ dxe5 15. 0-0 Rd8 16. Rfd1 0-0 17. Rxd8 Rxd8 18. Rd1 Rxd1+ 19. Bxd1 a5 20. b4 axb4 21. axb4 Kf8 22. b5 Be4 23. Kf1 Ke7 24. f3 Bd3+ 25. Be2 Bxe2+ 26. Kxe2 f5 27. f4 e4 28. h3 Kd6 29. Kd2 h6 30. Kc3 Kc5 31. g4 g6 32. g5 hxg5 33. fxg5 Kd6 34. Kd4 c5+ 35. bxc6 bxc6 36. c5+ Ke6 37. h4 Ke7 38. Ke5 Kf7 39. h5 Kg7 40. hxg6 Kxg6 41. Kf4 1-0

[Event "Barcelona Sant Marti op-B 16th"]
[Site "Barcelona"]
[Date "2014.07.16"]
[Round "4"]
[White "Vicente Soriano, Josep"]
[Black "Minhaz, Rashed"]
[Result "0-1"]
[WhiteElo "1962"]
[BlackElo "2086"]
[PlyCount "80"]
[EventDate "2014.07.13"]
[EventType "swiss"]
[EventRounds "9"]
[EventCountry "ESP"]
[SourceTitle "CBM 161 Extra"]
[Source "ChessBase"]
[SourceDate "2014.08.29"]
[SourceVersion "1"]
[SourceVersionDate "2014.08.29"]
[SourceQuality "1"]

1. e4 Nf6 2. e5 Nd5 3. c4 Nb6 4. d4 d6 5. exd6 exd6 6. Be3 Be7 7. Nf3 0-0 8. Bd3 Bg4 9. h3 Bh5 10. 0-0 Nc6 11. a3 a5 12. Nbd2 Bf6 13. Qc2 Bg6 14. Bxg6 fxg6 15. Ne4 d5 16. Nxf6+ gxf6 17. b3 Ne7 18. c5 Nd7 19. Rac1 Nf5 20. Rfe1 c6 21. g4 Nxe3 22. Rxe3 Re8 23. Rce1 Rxe3 24. Rxe3 Qf8 25. Qe2 Kf7 26. Kg2 Re8 27. Rxe8 Qxe8 28. Qxe8+ Kxe8 29. Ne1 b6 30. Nd3 bxc5 31. Nxc5 Nxc5 32. dxc5 Ke7 33. Kf3 Ke6 34. Ke3 g5 35. Kd4 f5 36. a4 f4 37. f3 h6 38. Kd3 Ke5 39. b4 Ke6 40. bxa5 Kd7 0-1

[Event "Barcelona Sant Marti op-B 16th"]
[Site "Barcelona"]
[Date "2014.07.14"]
[Round "2"]
[White "Olive Oller, Guim"]
[Black "Minhaz, Rashed"]
[Result "1/2-1/2"]
[WhiteElo "1989"]
[BlackElo "2086"]
[PlyCount "91"]
[EventDate "2014.07.13"]
[EventType "swiss"]
[EventRounds "9"]
[EventCountry "ESP"]
[SourceTitle "CBM 161 Extra"]
[Source "ChessBase"]
[SourceDate "2014.08.29"]
[SourceVersion "1"]
[SourceVersionDate "2014.08.29"]
[SourceQuality "1"]

1. d4 d5 2. Nf3 Nf6 3. c4 e6 4. Bg5 Be7 5. Nc3 Nc6 6. e3 h6 7. Bh4 0-0 8. Rc1 a6 9. a3 dxc4 10. Bxc4 b5 11. Bd3 Bb7 12. Bb1 Rc8 13. Qd3 g6 14. b4 Nd5 15. Nxd5 Bxh4 16. Nf4 Nxd4 17. exd4 Bxf3 18. gxf3 Qf6 19. Rg1 Bg5 20. Nxg6 fxg6 21. h4 Kg7 22. hxg5 hxg5 23. Rc5 e5 24. Rxe5 Rfe8 25. Rgxg5 Qxg5 26. Kf1 Rxe5 27. dxe5 Qc1+ 28. Ke2 Qc4 29. Ke3 Qxd3+ 30. Bxd3 c5 31. bxc5 Rxc5 32. Kd4 Rc1 33. e6 Kf6 34. Be4 Rd1+ 35. Kc3 Kxe6 36. Bxg6 Rf1 37. Kb4 Ra1 38. Be4 Kd6 39. Bb7 Rb1+ 40. Ka5 Kc5 41. Bxa6 Ra1 42. Bxb5 Rxa3+ 43. Ba4 Ra2 44. f4 Rxf2 45. Bd7 Ra2+ 46. Ba4 1/2-1/2

[Event "Sant Adria de Besos op 10th"]
[Site "Sant Adria de Besos"]
[Date "2014.05.11"]
[Round "2"]
[White "Gurri Mancera, Ferran"]
[Black "Minhaz, Rashed"]
[Result "0-1"]
[WhiteElo "2042"]
[BlackElo "2071"]
[PlyCount "138"]
[EventDate "2014.05.04"]
[EventType "swiss"]
[EventRounds "8"]
[EventCountry "ESP"]
[SourceTitle "EXT 2015"]
[Source "ChessBase"]
[SourceDate "2014.11.20"]
[SourceVersion "1"]
[SourceVersionDate "2014.11.20"]
[SourceQuality "1"]

1. d4 d5 2. c4 e6 3. Nf3 Nf6 4. Nc3 Be7 5. Bg5 Ne4 6. Nxe4 dxe4 7. Bxe7 Qxe7 8. Nd2 Nc6 9. e3 f5 10. Be2 0-0 11. 0-0 b6 12. a3 a5 13. Rc1 Bb7 14. c5 Kh8 15. cxb6 cxb6 16. Qb3 f4 17. f3 fxe3 18. Qxe3 Qd6 19. Nxe4 Qxd4 20. Rc3 e5 21. Rd1 Qxe3+ 22. Rxe3 Rad8 23. Nd6 Nd4 24. Rxe5 Rxd6 25. Kf2 Rfd8 26. Re7 Bc6 27. Rc7 Be8 28. Rd2 Nxe2 29. Rxe2 Rd2 30. Rxd2 Rxd2+ 31. Ke3 Rd8 32. g4 a4 33. Kf4 h6 34. h4 Kh7 35. g5 Rd4+ 36. Kg3 Rd2 37. f4 Kg6 38. Re7 Bd7 39. h5+ Kxh5 40. Rxg7 hxg5 41. fxg5 Bf5 42. Kf4 Bg6 43. Ra7 b5 44. Rb7 Rxb2 45. Rb8 Rf2+ 46. Ke3 Rf5 47. Kd4 Rxg5 48. Rh8+ Kg4 49. Kc3 Kf4 50. Kb4 Bd3 51. Rd8 Ke4 52. Re8+ Re5 53. Rh8 Kd4 54. Rh4+ Re4 55. Rh8 Kd5+ 56. Kc3 Be2 57. Rd8+ Ke5 58. Re8+ Kf4 59. Rf8+ Ke3 60. Rh8 Rc4+ 61. Kb2 Kd2 62. Rh2 Rc2+ 63. Ka1 Kc3 64. Rh3+ Bd3 65. Rg3 Rd2 66. Rg1 Be2 67. Rg3+ Rd3 68. Rg1 Rd1+ 69. Rxd1 Bxd1 0-1

[Event "Badalona op-A 10th"]
[Site "Barcelona"]
[Date "2002.04.21"]
[Round "1"]
[White "Minhaz, Rashed"]
[Black "Lopez Agustench, Eduard"]
[Result "0-1"]
[WhiteElo "2165"]
[BlackElo "2260"]
[PlyCount "84"]
[EventDate "2002.04.21"]
[EventType "swiss"]
[EventRounds "9"]
[EventCountry "ESP"]
[SourceTitle "CBM 088 Extra"]
[Source "ChessBase"]
[SourceDate "2002.07.01"]
[SourceVersion "2"]
[SourceVersionDate "2002.07.01"]
[SourceQuality "1"]

1. d4 Nf6 2. c4 c5 3. d5 e5 4. Nc3 d6 5. e4 Be7 6. Nf3 0-0 7. Be2 Nbd7 8. 0-0 Ne8 9. Ne1 Bg5 10. Bxg5 Qxg5 11. Nf3 Qe7 12. a3 g6 13. b4 f5 14. Qc2 f4 15. h3 Kh8 16. Qd3 g5 17. Nh2 Nef6 18. g4 b6 19. b5 Rf7 20. f3 h5 21. Ra2 Rh7 22. Rf2 Qg7 23. a4 Qh6 24. Qd1 hxg4 25. hxg4 Kg7 26. a5 Rb8 27. a6 Nf8 28. Nb1 Ng6 29. Nd2 Qh4 30. Ndf1 Bxg4 31. fxg4 Nxe4 32. Rf3 Nf6 33. Raa3 e4 34. Rh3 Qxh3 35. Rxh3 Rxh3 36. Kg2 Rbh8 37. Bf3 Ne5 38. Be2 f3+ 39. Bxf3 exf3+ 40. Kg1 Nexg4 41. Qd2 f2+ 42. Kg2 Rxh2+ 0-1